[Event "IND-ch U15"]
[Site "Jammu"]
[Date "2015.09.22"]
[Round "2"]
[White "Madkaikar Gaurav, S."]
[Black "Aradhya, Garg"]
[Result "1-0"]
[WhiteElo "1733"]
[BlackElo "2180"]
[PlyCount "87"]
[EventDate "2015.09.21"]
[EventType "swiss"]
[EventRounds "11"]
[EventCountry "IND"]
[SourceTitle "EXT 2016"]
[Source "ChessBase"]
[SourceDate "2015.10.08"]
[SourceVersion "1"]
[SourceVersionDate "2015.10.08"]
[SourceQuality "1"]

1. e4 e5 2. Nf3 Nc6 3. Bc4 Bc5 4. c3 Nf6 5. d3 0-0 6. Nbd2 d5 7. Bb3 d4 8. Nc4 Re8 9. Ba4 Bg4 10. h3 Bh5 11. Bg5 h6 12. Bh4 g5 13. Bg3 Nd7 14. h4 g4 15. Nh2 f5 16. exf5 Kh7 17. Qc2 Qf6 18. 0-0-0 Qxf5 19. Rhf1 Rab8 20. Bb3 Qg6 21. Nd2 Nf6 22. Rfe1 Rbd8 23. Ba4 dxc3 24. bxc3 Bxf2 25. Bxf2 g3 26. Ndf3 gxh2 27. Be3 Nd5 28. Qd2 Nxe3 29. Rxe3 e4 30. Bc2 Qd6 31. d4 Bg6 32. h5 Bf5 33. Nh4 Ne5 34. Nxf5 Qa3+ 35. Kb1 Rd5 36. Bb3 Rb5 37. dxe5 Rxb3+ 38. axb3 Qxb3+ 39. Kc1 Qa3+ 40. Qb2 Qa4 41. Rh1 Rxe5 42. Qxb7 Rc5 43. Qxe4 Rxc3+ 44. Kd2 1-0